| 000 | 01087cam a2200277 a 4500 | ||
|---|---|---|---|
| 999 |
_c126234 _d126234 |
||
| 001 | 2995704 | ||
| 003 | ARRUPE | ||
| 005 | 20170228091839.0 | ||
| 008 | 930426s1993 tnu b 000 0 eng | ||
| 010 | _a 93011107 | ||
| 020 | _a0687316782 (alk. paper) | ||
| 040 |
_aDLC _cDLC _dDLC |
||
| 050 | 0 | 0 |
_aBR115.P7 _bH365 1993 |
| 082 | 0 | 0 |
_a220/.0973 _220 |
| 100 | 1 |
_aHauerwas, Stanley, _d1940- _96352 |
|
| 245 | 1 | 0 |
_aUnleashing the scripture : _bfreeing the Bible from captivity to America / _cStanley Hauerwas. |
| 260 |
_aNashville : _bAbingdon Press, _cc1993. |
||
| 300 |
_a159 p. ; _c22 cm. |
||
| 504 | _aIncludes bibliographical references (p. 149-159). | ||
| 630 | 0 | 0 |
_aBible _xHermeneutics. _929104 |
| 650 | 0 |
_aDemocracy _xReligious aspects _xChristianity. _927635 |
|
| 650 | 0 |
_aModernist-fundamentalist controversy. _929105 |
|
| 906 |
_a7 _bcbc _corignew _d1 _eocip _f19 _gy-gencatlg |
||
| 942 |
_2lcc _cMONOGRAPH |
||